Highly Recommended, Teacher's Book : English for the Hotel and Catering Industry /

Đã lưu trong:
Sonraí Bibleagrafaíochta
Príomhúdar: Falla, Tim
Formáid: Sách giấy
Teanga:English
Foilsithe: Oxford : Oxford University Press, 1994
Clibeanna: Cuir Clib Leis
Gan Chlibeanna, Bí ar an gcéad duine leis an taifead seo a chlibeáil!
Thư viện lưu trữ: Thư viện Trường Đại học Đà Lạt
LEADER 00579nam a2200229 4500
001 DLU020001171
005 ##1/23/1999
041 # # |a eng 
082 # # |a 428.007  |b FA-T 
100 # # |a Falla, Tim 
245 # # |a Highly Recommended, Teacher's Book :  |b English for the Hotel and Catering Industry /  |c Tim Falla  
260 # # |a Oxford :  |b Oxford University Press,  |c 1994 
300 # # |a 64 tr.;  |c 27 cm. 
992 # # |a 10000 
994 # # |a DLU 
900 # # |a False 
911 # # |a Administrator 
925 # # |a G 
926 # # |a A 
927 # # |a SH 
980 # # |a Thư viện Trường Đại học Đà Lạt